GEOEurope (Record no. 118545)

MARC details
000 -LEADER
fixed length control field 00653cas a22002295a 4500
001 - CONTROL NUMBER
control field L209
008 - FIXED-LENGTH DATA ELEMENTS--GENERAL INFORMATION
fixed length control field 070621d19992001xxkmr p 0 a0eng
022 1# - INTERNATIONAL STANDARD SERIAL NUMBER
International Standard Serial Number 0926-3403
035 ## - SYSTEM CONTROL NUMBER
System control number (Sirsi) u98849
041 0# - LANGUAGE CODE
Language code of text/sound track or separate title eng
245 00 - TITLE STATEMENT
Title GEOEurope
260 ## - PUBLICATION, DISTRIBUTION, ETC.
Place of publication, distribution, etc. Godmanchester
Name of publisher, distributor, etc. GeoTech Media Group
Date of publication, distribution, etc. 1999-2001
362 0# - DATES OF PUBLICATION AND/OR SEQUENTIAL DESIGNATION
Dates of publication and/or sequential designation 9(2) February 2000-10(10) October 2001
520 ## - SUMMARY, ETC.
Summary, etc. From February 2000 incorporates Mapping Awareness
554 ## -
-- 12 per year
651 #4 - SUBJECT ADDED ENTRY--GEOGRAPHIC NAME
Geographic name Europe
690 ## - LOCAL SUBJECT ADDED ENTRY--TOPICAL TERM (OCLC, RLIN)
Topical term or geographic name as entry element ENVIRONMENTAL AND LAND CONSULTANCY-GEOMATICS-LAND SURVEYING
780 00 - PRECEDING ENTRY
Title GIS Europe
785 00 - SUCCEEDING ENTRY
Title GEO:connexion
International Standard Serial Number 1476-8941
942 ## - ADDED ENTRY ELEMENTS (KOHA)
Suppress in OPAC 0
948 ## - LOCAL PROCESSING INFORMATION (OCLC); SERIES PART DESIGNATOR (RLIN)
c (OCLC) 18/07/1994
Holdings
Withdrawn status Lost status Source of classification or shelving scheme Damaged status Not for loan Home library Current library Shelving location Date acquired Total Checkouts Full call number Barcode Date last seen Price effective from Koha item type
    Dewey Decimal Classification     London London Gallery 21/06/2007   GEO:CONNEXION 98849-1001 06/08/2019 06/08/2019 Journal